000 00904cam a2200265 4500
005 20160927124848.0
008 730508s1973 nyua b 001 0 eng
020 _a0470181303
040 _aDLC
_cDLC
_dDLC
_dICU
_dCO-BoIAVH
041 0 _aeng
044 _axxu
082 0 4 _a578.09
_bC87b
100 1 _aCox, C. Barry
_d1931-
_eautor
245 1 0 _aBiogeography: an ecological and evolutionary approach
_cC. Barry Cox y Peter D. Moore.
250 _aQuinta edición
260 _aNew York, EE. UU.,
_bWiley,
_c[1973]
300 _aviii, 179 páginas :
_bilustraciones, mapas y gráficas ;
_c24 x 17 cm.
504 _aIncluye referencias bibliográficas.
650 2 6 _aBiogeografía
650 2 6 _aMedio ambiente
_xmonitoreo
650 2 4 _aEcosistemas
_xmonitoreo
650 2 6 _aBiodiversidad
_xmonitoreo
700 1 _aMoore, Peter D.
_eautor
942 _2ddc
_cLIBRO
999 _c816
_d816